Word studies: (Record no. 292)

000 -LEADER
fixed length control field 00874nam a2200205 a 4500
001 - CONTROL NUMBER
control field :::00013445$&:&@@
003 - CONTROL NUMBER IDENTIFIER
control field OkBaRHE
005 - DATE AND TIME OF LATEST TRANSACTION
control field 20110325114651.0
008 - FIXED-LENGTH DATA ELEMENTS--GENERAL INFORMATION
fixed length control field s1976 j 000 0 eng u
040 ## - CATALOGING SOURCE
Transcribing agency
100 1# - MAIN ENTRY--PERSONAL NAME
Personal name Wuest, Kenneth S.
245 10 - TITLE STATEMENT
Title Word studies:
Remainder of title treasures from the Greek New Testament; vol. 1.
260 ## - PUBLICATION, DISTRIBUTION, ETC. (IMPRINT)
Place of publication, distribution, etc Grand Rapids, MI., :
Name of publisher, distributor, etc Wm. B. Eerdmans Publishing Co.
Date of publication, distribution, etc 1976
300 ## - PHYSICAL DESCRIPTION
Extent 131 p. ;
Dimensions 21 cm.
650 ## - SUBJECT ADDED ENTRY--TOPICAL TERM
Topical term or geographic name as entry element Greek Language
General subdivision Biblical
-- New Testament
-- Dictionaries
942 ## - ADDED ENTRY ELEMENTS (KOHA)
Source of classification or shelving scheme
Koha item type Books
Copies
Damaged status Permanent Location Copy number Not for loan Price effective from Lost status Date acquired Koha item type Withdrawn status Current Location Shelving location Source of classification or shelving scheme Barcode Collection code Full call number Date last seen
 RHEMA Bible Training College1 2010-04-14 2010-04-14Books  General Stacks 13445ReferenceBS 2333.2 .W82018-03-16
 RHEMA Bible Training College2 2010-04-14 2010-04-14Books  General Stacks 17953ReferenceBS 2333.2 .W82018-03-16
 RHEMA Bible Training College3 2010-04-14 2010-04-14Books RHEMA Bible Training CollegeGeneral Stacks 17954ReferenceBS 2333.2 .W82018-03-16